ბათუმის შოთა რუსთაველის სახელმწიფო უნივერსიტეტის ბიბლიოთეკა

World Order / (ბიბ.ჩანაწერი № 54282)

000 -LEADER
fixed length control field 00660nam a2200229Ia 4500
001 - CONTROL NUMBER
control field 21338
003 - CONTROL NUMBER IDENTIFIER
control field GE_BSU
005 - DATE AND TIME OF LATEST TRANSACTION
control field 20221111163238.0
008 - FIXED-LENGTH DATA ELEMENTS--GENERAL INFORMATION
fixed length control field 181216s2015||||enk|||||||||||||| ||eng||
020 ## - INTERNATIONAL STANDARD BOOK NUMBER
International Standard Book Number 9780143127710x
041 ## - LANGUAGE CODE
Language code of text/sound track or separate title eng
080 ## - UNIVERSAL DECIMAL CLASSIFICATION NUMBER
Universal Decimal Classification number 327.2 K-43
100 ## - MAIN ENTRY--PERSONAL NAME
Personal name Kissinger, Henry
9 (RLIN) 9851
245 ## - TITLE STATEMENT
Title World Order /
Statement of responsibility, etc. Henry Kissinger.
264 ## - PRODUCTION, PUBLICATION, DISTRIBUTION, MANUFACTURE, AND COPYRIGHT NOTICE
Place of production, publication, distribution, manufacture New York :
Name of producer, publisher, distributor, manufacturer Penguin Books,
Date of production, publication, distribution, manufacture, or copyright notice 2015.
300 ## - PHYSICAL DESCRIPTION
Extent 420 p.
Other physical details 22 cm.
653 ## - INDEX TERM--UNCONTROLLED
keyword პოლიტიკა
653 ## - INDEX TERM--UNCONTROLLED
keyword მსოფლიო წესრიგი
653 ## - INDEX TERM--UNCONTROLLED
keyword საერთაშორისო ურთიერთობები
942 ## - ADDED ENTRY ELEMENTS (KOHA)
Koha item type წიგნი
Source of classification or shelving scheme
ეგზემპლარები
Withdrawn status Lost status Source of classification or shelving scheme Damaged status Not for loan Permanent Location Current Location Shelving location Date acquired Cost, normal purchase price Full call number Barcode Date last seen Copy number Price effective from Koha item type Public note
          ბათუმის შოთა რუსთაველის სახელმწიფო უნივერსიტეტის მთავარი ბიბლიოთეკა ბათუმის შოთა რუსთაველის სახელმწიფო უნივერსიტეტის მთავარი ბიბლიოთეკა წიგნსაცავი 2018-12-17 44.00 327.2 55262 2018-12-17 55262 2018-12-17 წიგნი 44 ლ.
          ბათუმის შოთა რუსთაველის სახელმწიფო უნივერსიტეტის მთავარი ბიბლიოთეკა ბათუმის შოთა რუსთაველის სახელმწიფო უნივერსიტეტის მთავარი ბიბლიოთეკა   2018-12-17 49.00 327.2 55423 2018-12-17 55423 2018-12-17 წიგნი 49 ლ.